Les lettres de l'alphabet en 15 secondes - Statistiques

Statistiques générales
  • Ce quiz a été pris 867 fois
  • Le résultat moyen est 23 sur 26
Statistiques - réponses
Réponse % Correct
a
99%
e
98%
d
96%
b
95%
c
94%
f
94%
i
93%
g
92%
h
92%
k
92%
j
91%
o
91%
l
90%
r
90%
m
89%
p
89%
q
88%
s
88%
n
86%
t
86%
u
86%
v
83%
z
83%
w
82%
y
81%
x
80%
Aucun quiz correspondant
Distribution des résultats
% des personnes avec chaque résultat
Percentile par nombre de réponses
Votre historique - résultats
Vous n’avez pas pris ce quiz